[Event "European Youth Chess Championship G10"]
[Site "Prague, Top Hotel Prague"]
[Date "2016.08.18"]
[Round "1.14"]
[White "Mustafina, Yuliana"]
[Black "Pawicka, Magdalena"]
[Result "0-1"]
[WhiteElo "1202"]
[BlackElo "1501"]
[PlyCount "140"]
[EventDate "2016.08.18"]

1. e4 e5 2. Nf3 Nc6 3. Bc4 Bc5 4. c3 Nf6 5. d4 exd4 6. cxd4 Bb4+ 7. Bd2 Bxd2+
8. Nbxd2 d5 9. exd5 Nxd5 10. Qb3 Nce7 11. O-O O-O 12. Rfe1 c6 13. Ne4 Nb6 14.
Bd3 Be6 15. Qd1 Bd5 16. Nc5 Qc7 17. Qe2 Ng6 18. Bxg6 fxg6 19. Ng5 Rf6 20. Qe7
Qf4 21. Qe3 h6 22. Nh3 Qh4 23. Qg3 Qxd4 24. Qc3 Qxc3 25. bxc3 Rf7 26. Re2 Nc4
27. Rae1 b6 28. Ne6 Re8 29. Nhf4 g5 30. Nxd5 cxd5 31. Nd4 Rxe2 32. Rxe2 Kf8 33.
Ne6+ Kg8 34. Nd4 g6 35. Re8+ Kg7 36. Rd8 Re7 37. g3 Re1+ 38. Kg2 Rc1 39. Rxd5
Rxc3 40. Rd7+ Kf6 41. Rxa7 Ra3 42. Nb5 Rxa7 43. Nxa7 Ke5 44. Nb5 Kd5 45. Kf3
Kc5 46. Nc3 Kb4 47. Nb1 Na3 48. Nxa3 Kxa3 49. Ke4 Kxa2 50. Kd5 Kb3 51. Kc6 Kc3
52. Kxb6 Kd3 53. Kc6 Ke2 54. Kd5 Kxf2 55. Ke5 Kg2 56. Kf6 Kxh2 57. Kxg6 Kxg3
58. Kxh6 g4 59. Kh5 Kh3 60. Kg5 g3 61. Kf4 g2 62. Kf3 g1=Q 63. Ke4 Kg4 64. Kd3
Kf4 65. Ke2 Qe3+ 66. Kd1 Qf2 67. Kc1 Qa2 68. Kd1 Ke3 69. Kc1 Kd3 70. Kd1 Qa1#
0-1

[Event "European Youth Chess Championship G10"]
[Site "Prague, Top Hotel Prague"]
[Date "2016.08.18"]
[Round "1.15"]
[White "Vicze, Kata"]
[Black "Sergejeva, Sofija"]
[Result "1-0"]
[WhiteElo "1495"]
[BlackElo "1191"]
[PlyCount "101"]
[EventDate "2016.08.18"]

1. e4 e5 2. Nf3 Nc6 3. Nc3 Nf6 4. d4 exd4 5. Nxd4 Bb4 6. Nxc6 bxc6 7. Bd3 d5 8.
exd5 cxd5 9. O-O O-O 10. h3 c6 11. Bf4 Bd6 12. Qf3 Rb8 13. b3 Rb4 14. Ne2 Qc7
15. c4 Be6 16. a3 Rxb3 17. Bxd6 Qxd6 18. Bxh7+ Nxh7 19. Qxb3 dxc4 20. Qc3 Nf6
21. Rfd1 Qc5 22. Nd4 Bd5 23. Nf5 Bxg2 24. Nxg7 Qg5 25. Nf5 Bf3+ 26. Ng3 Bxd1
27. Rxd1 Ne4 28. Qf3 Nxg3 29. Qxg3 Qxg3+ 30. fxg3 Re8 31. Kf2 c5 32. Kf3 Re5
33. Rc1 Kf8 34. Rxc4 Ke8 35. Re4 f6 36. h4 Kf7 37. Ra4 Re7 38. Ra5 Rc7 39. g4
c4 40. Ke2 c3 41. Kd1 c2+ 42. Kc1 Kg6 43. Ra6 Kg7 44. h5 Kf7 45. h6 Kg6 46. h7
Rxh7 47. Kxc2 Kg5 48. Kd3 Rf7 49. Ra4 Re7 50. Ra6 Rh7 51. Ke4 1-0

[Event "European Youth Chess Championship G10"]
[Site "Prague, Top Hotel Prague"]
[Date "2016.08.18"]
[Round "1.17"]
[White "Mikheeva, Galina"]
[Black "Li, Darina"]
[Result "0-1"]
[WhiteElo "1477"]
[BlackElo "1182"]
[PlyCount "81"]
[EventDate "2016.08.18"]

1. d4 d5 2. c4 c6 3. Nf3 e6 4. e3 Nf6 5. Nc3 Nbd7 6. cxd5 cxd5 7. Bd3 Bb4 8.
Bd2 O-O 9. O-O Nb6 10. Rc1 Bd7 11. a3 Bd6 12. Qe2 a6 13. e4 dxe4 14. Nxe4 Nxe4
15. Qxe4 g6 16. Qxb7 Rc8 17. Rxc8 Bxc8 18. Qc6 Re8 19. Ba5 Bc7 20. Rc1 Re7 21.
Bxb6 Bxb6 22. Qxc8 Qxc8 23. Rxc8+ Kg7 24. Bxa6 Rd7 25. g3 Ra7 26. Bb5 Ra5 27.
a4 Ra7 28. Rc6 Bd8 29. Ne5 Bf6 30. Rd6 Re7 31. Rd7 Rxd7 32. Nxd7 Bg5 33. a5 Bc1
34. a6 Bxb2 35. a7 Bxd4 36. a8=Q Kh6 37. Qf8+ Kh5 38. Qxf7 Bxf2+ 39. Qxf2 Kh6
40. Qf4+ Kg7 41. Qf8# 0-1

[Event "European Youth Chess Championship G10"]
[Site "Prague, Top Hotel Prague"]
[Date "2016.08.18"]
[Round "1.18"]
[White "Birkisdottir, Freyja"]
[Black "Fedoricheva, Ekaterina"]
[Result "0-1"]
[WhiteElo "1176"]
[BlackElo "1463"]
[PlyCount "112"]
[EventDate "2016.08.18"]

1. e4 c5 2. Nf3 d6 3. d4 cxd4 4. Nxd4 Nf6 5. Nc3 g6 6. Be2 Bg7 7. O-O O-O 8.
Be3 Nc6 9. Nb3 a6 10. f4 Bd7 11. a3 Qc8 12. Bd3 Ng4 13. Bd2 Nd4 14. Kh1 Nxb3
15. cxb3 Bd4 16. Qe2 Qc5 17. Be1 Ne3 18. Rf3 Bg4 19. Na4 Qa7 20. Bf2 Bxf3 21.
gxf3 Nc2 22. Bxd4 Nxd4 23. Qd1 b5 24. Nc3 Qd7 25. Bf1 Nc6 26. Nd5 Ra7 27. Rc1
Nb8 28. Qc2 Rb7 29. Bg2 f6 30. Rg1 e6 31. Ne3 Qc7 32. f5 Qxc2 33. Nxc2 e5 34.
Nb4 Rc7 35. Nd5 Rc2 36. fxg6 hxg6 37. Bf1 Kf7 38. Ne3 Rxb2 39. Rg3 Rh8 40. h3
Rc8 41. a4 Rc1 42. Rg1 Rxb3 43. Nd5 bxa4 44. f4 a3 45. Rg2 Rxf1+ 46. Kh2 Rb2
47. Nc3 Rxg2+ 48. Kxg2 Rc1 49. Na2 Rc2+ 50. Kf3 Rxa2 51. Kg3 Rc2 52. Kh4 a2 53.
Kg3 a1=Q 54. Kh4 Qe1+ 55. Kg4 Rg2+ 56. Kf3 Qe2# 0-1

[Event "European Youth Chess Championship G10"]
[Site "Prague, Top Hotel Prague"]
[Date "2016.08.18"]
[Round "1.20"]
[White "Vankova, Marie"]
[Black "Alimova, Dana"]
[Result "0-1"]
[WhiteElo "1162"]
[BlackElo "1451"]
[PlyCount "70"]
[EventDate "2016.08.18"]

1. e4 c5 2. Nf3 e6 3. d4 cxd4 4. Nxd4 Nf6 5. Bd3 Nc6 6. Be3 d5 7. exd5 Nxd5 8.
O-O Nxe3 9. fxe3 Nxd4 10. exd4 Qxd4+ 11. Kh1 Qxb2 12. Qh5 g6 13. Qb5+ Qxb5 14.
Bxb5+ Ke7 15. Nc3 Bg7 16. Nd5+ exd5 17. Rae1+ Be6 18. c4 Rhd8 19. cxd5 Rxd5 20.
Bc4 Re5 21. Bb3 Bxb3 22. axb3 Rxe1 23. Rxe1+ Kd6 24. Rd1+ Ke6 25. Re1+ Be5 26.
Kg1 Rc8 27. g3 Rc3 28. Rb1 Kd5 29. Kf2 Kc5 30. b4+ Kc4 31. Ke2 Rb3 32. Rc1+
Kxb4 33. Rd1 b5 34. Rf1 f5 35. Kd2 Rb2+ 0-1

[Event "European Youth Chess Championship G10"]
[Site "Prague, Top Hotel Prague"]
[Date "2016.08.18"]
[Round "1.21"]
[White "Zavivaeva, Emilia"]
[Black "Denschik, Alexandra"]
[Result "1-0"]
[WhiteElo "1443"]
[BlackElo "1147"]
[PlyCount "49"]
[EventDate "2016.08.18"]

1. e4 d5 2. exd5 Qxd5 3. Nc3 Qa5 4. Nf3 Nf6 5. d4 Nc6 6. Be2 Bf5 7. Be3 e6 8.
O-O O-O-O 9. a3 Bg4 10. h3 Bxh3 11. gxh3 Qh5 12. Ng5 Qh6 13. Bg4 Nxg4 14. Qxg4
Qf6 15. d5 h5 16. Qf4 exd5 17. Nb5 Bd6 18. Qxf6 gxf6 19. Nxf7 Rhg8+ 20. Kh1 Rd7
21. Nfxd6+ cxd6 22. Rg1 Re8 23. Rad1 a6 24. Nc3 Re5 25. Nxd5 1-0

[Event "European Youth Chess Championship G10"]
[Site "Prague, Top Hotel Prague"]
[Date "2016.08.18"]
[Round "1.22"]
[White "Smetisko, Renata"]
[Black "Volovich, Julia"]
[Result "1-0"]
[WhiteElo "1138"]
[BlackElo "1435"]
[PlyCount "79"]
[EventDate "2016.08.18"]

1. e4 e5 2. Nf3 Nc6 3. d4 exd4 4. Nxd4 Bc5 5. Nb3 Bb6 6. Nc3 Nf6 7. Bg5 d6 8.
Qd2 h6 9. Bh4 Nxe4 10. Bxd8 Nxd2 11. Nxd2 Nxd8 12. Nd5 c6 13. Nxb6 axb6 14. Nc4
Be6 15. Nxd6+ Ke7 16. Nc4 b5 17. Nd2 Bxa2 18. Nb3 Ne6 19. Nc1 Bd5 20. Rxa8 Rxa8
21. Kd2 Rd8 22. Ke3 f5 23. f3 f4+ 24. Kf2 g5 25. Bd3 Bc4 26. Bxc4 bxc4 27. Ke1
Nd4 28. c3 Nc2+ 29. Ke2 Ne3 30. g3 Nf5 31. gxf4 gxf4 32. Rg1 Re8 33. Rg4 Kf6+
34. Kf2 Ke5 35. Ne2 Ne3 36. Rxf4 Nd1+ 37. Ke1 Nxb2 38. Re4+ Kd5 39. Rxe8 Nd3+
40. Kd2 1-0

[Event "European Youth Chess Championship G10"]
[Site "Prague, Top Hotel Prague"]
[Date "2016.08.18"]
[Round "1.23"]
[White "Strendeva, Viktoria"]
[Black "Deleu, Leen"]
[Result "1-0"]
[WhiteElo "1431"]
[BlackElo "1130"]
[PlyCount "129"]
[EventDate "2016.08.18"]

1. d4 Nf6 2. c4 c5 3. dxc5 e6 4. e3 Bxc5 5. Nf3 O-O 6. Be2 Bb4+ 7. Bd2 Qa5 8.
Bxb4 Qxb4+ 9. Qd2 Qxd2+ 10. Nbxd2 Nc6 11. O-O b6 12. Rfd1 Ba6 13. Bf1 Rfe8 14.
Nb3 Rac8 15. c5 Bxf1 16. Kxf1 bxc5 17. Nxc5 Nb4 18. Nxd7 Nxd7 19. Rxd7 Nc2 20.
Rad1 Nb4 21. a3 Nc6 22. g3 Red8 23. Rxd8+ Rxd8 24. Rxd8+ Nxd8 25. Ke2 Kf8 26.
Nd4 Ke7 27. Nb5 a6 28. Nc7 a5 29. Nb5 Kd7 30. Kd3 Kc6 31. Kc4 Nb7 32. b4 axb4
33. axb4 Kb6 34. f3 g5 35. e4 h5 36. h3 f6 37. Nd4 Nd6+ 38. Kb3 e5 39. Nf5 Ne8
40. Kc4 Kc6 41. Ne7+ Kb6 42. Nd5+ Kb7 43. Kc5 f5 44. exf5 g4 45. hxg4 hxg4 46.
fxg4 Ng7 47. f6 Ne6+ 48. Kd6 Ng5 49. Kxe5 Nf3+ 50. Ke6 Nd4+ 51. Ke7 Nc6+ 52.
Ke8 Ne5 53. f7 Nxf7 54. Kxf7 Kc6 55. Ke6 Kb5 56. g5 Kc4 57. g6 Kd4 58. g7 Ke4
59. g8=Q Kf3 60. Ke5 Kf2 61. Kf4 Kg2 62. Qe6 Kh2 63. Qe2+ Kh1 64. Kf3 Kg1 65.
Qg2# 1-0

[Event "European Youth Chess Championship G10"]
[Site "Prague, Top Hotel Prague"]
[Date "2016.08.18"]
[Round "1.25"]
[White "Mihelic, Vesna"]
[Black "Berezovsky, Fiorina"]
[Result "1-0"]
[WhiteElo "1412"]
[BlackElo "1105"]
[PlyCount "101"]
[EventDate "2016.08.18"]

1. e4 c5 2. Nf3 a6 3. a4 Nc6 4. Nc3 e6 5. d4 cxd4 6. Nxd4 Bb4 7. Nxc6 bxc6 8.
Qd4 Bxc3+ 9. Qxc3 Nf6 10. Bd3 O-O 11. O-O d6 12. Qxc6 Rb8 13. Qc3 e5 14. Be3
Bb7 15. f3 Re8 16. Rfd1 d5 17. Qe1 d4 18. Bf2 Rc8 19. Ra3 Qd6 20. c3 dxc3 21.
Rxc3 Rxc3 22. Qxc3 Qe7 23. Qc5 Qxc5 24. Bxc5 Rb8 25. Bd6 Re8 26. Be2 Nd7 27. b4
Rc8 28. b5 axb5 29. Bxb5 Bc6 30. Bxc6 Rxc6 31. Bxe5 Nf8 32. Rd8 h6 33. Bd6 Rxd6
34. Rxd6 Ne6 35. Rxe6 fxe6 36. a5 Kf7 37. a6 g5 38. a7 Kf6 39. a8=Q e5 40. Qc6+
Kf7 41. Qd7+ Kf6 42. Qf5+ Ke7 43. Qg6 Kd7 44. Kf2 Ke7 45. Ke2 Kd7 46. Kd3 Ke7
47. Kc4 Kd7 48. Kd5 Ke7 49. Qe6+ Kd8 50. Kd6 h5 51. Qd7# 1-0

[Event "European Youth Chess Championship G10"]
[Site "Prague, Top Hotel Prague"]
[Date "2016.08.18"]
[Round "1.26"]
[White "Kowalczyk, Barbara"]
[Black "Oz, Irem Ezra"]
[Result "0-1"]
[WhiteElo "1100"]
[BlackElo "1403"]
[PlyCount "66"]
[EventDate "2016.08.18"]

1. e4 c5 2. c3 d5 3. exd5 Qxd5 4. d4 g6 5. h3 Bg7 6. Nf3 cxd4 7. cxd4 Nc6 8.
Nc3 Qd8 9. Be3 Nf6 10. Bd3 O-O 11. O-O Nd5 12. Be4 Nf6 13. Bc2 Nb4 14. Bb3 Nbd5
15. Bg5 Be6 16. Re1 h6 17. Nxd5 Bxd5 18. Bh4 g5 19. Bg3 Bxb3 20. Qxb3 b6 21.
Qa3 e6 22. Bd6 Re8 23. Ne5 Bf8 24. Bxf8 Rxf8 25. Nc6 Qd7 26. Rac1 Rfc8 27. Ne7+
Kg7 28. Rxc8 Rxc8 29. Nxc8 Qxc8 30. Qxa7 Qc6 31. a3 Nd5 32. b4 Nf4 33. f3 Qc2
0-1

[Event "European Youth Chess Championship G10"]
[Site "Prague, Top Hotel Prague"]
[Date "2016.08.18"]
[Round "1.27"]
[White "Hernandez, Tellez Claudia"]
[Black "Rozmanec, Pia"]
[Result "1-0"]
[WhiteElo "1399"]
[BlackElo "1094"]
[PlyCount "149"]
[EventDate "2016.08.18"]

1. e4 c5 2. c3 d5 3. exd5 Qxd5 4. d4 Nf6 5. Nf3 Bg4 6. Be2 e6 7. dxc5 Qxd1+ 8.
Bxd1 Bxc5 9. O-O O-O 10. h3 Bh5 11. Ne5 Bxd1 12. Rxd1 Ne4 13. Rf1 Rd8 14. Nf3
Nd7 15. Nbd2 Ndf6 16. Nb3 Bb6 17. Ne5 Nxf2 18. Kh2 N6e4 19. Nc4 Bc7+ 20. Kg1 b5
21. Ne3 f5 22. Rxf2 Nxf2 23. Kxf2 Bb6 24. Ke2 f4 25. Ng4 e5 26. Bd2 h5 27. Nf2
a5 28. Nd3 Rd5 29. a4 Rad8 30. Ne1 bxa4 31. Rxa4 Rb5 32. Ra3 a4 33. Nc1 Rxb2
34. Ncd3 Rb5 35. Rxa4 g5 36. Re4 Bc7 37. Nf3 Rbd5 38. Nf2 Bb6 39. Be1 Bxf2 40.
Bxf2 g4 41. hxg4 hxg4 42. Nxe5 Rd2+ 43. Kf1 Rd1+ 44. Re1 Rxe1+ 45. Kxe1 g3 46.
Bd4 Ra8 47. c4 Rd8 48. Nf3 Kf7 49. Be5 Re8 50. Kd2 Rc8 51. Kc3 Ke6 52. Bxf4 Kd7
53. Ne5+ Ke6 54. Nd3 Rg8 55. c5 Kd5 56. Nb4+ Kxc5 57. Nc2 Kd5 58. Kd3 Rg4 59.
Ne3+ Ke6 60. Nxg4 Kf5 61. Bxg3 Kxg4 62. Bb8 Kf5 63. Ke3 Kg4 64. g3 Kf5 65. Kf3
Kg5 66. g4 Kg6 67. Kf4 Kf6 68. g5+ Kg6 69. Kg4 Kg7 70. Kf5 Kf7 71. g6+ Kg7 72.
Kg5 Kg8 73. Kf6 Kf8 74. g7+ Kg8 75. Bc7 1-0

[Event "European Youth Chess Championship G10"]
[Site "Prague, Top Hotel Prague"]
[Date "2016.08.18"]
[Round "1.28"]
[White "Zrmanovska, Mihaela"]
[Black "Puia, Alexia-Teodora"]
[Result "0-1"]
[WhiteElo "1091"]
[BlackElo "1392"]
[PlyCount "56"]
[EventDate "2016.08.18"]

1. e4 c5 2. Nf3 e6 3. d4 cxd4 4. Nxd4 Nc6 5. Nxc6 bxc6 6. Nc3 Bb4 7. Bd2 Qc7 8.
Bc4 d5 9. exd5 cxd5 10. Bb3 a5 11. O-O Ne7 12. a3 Bxc3 13. Bxc3 O-O 14. Re1 Ng6
15. Qd4 f6 16. Bxd5 Rd8 17. Bxe6+ Bxe6 18. Qe3 Bf7 19. Rad1 Re8 20. Qf3 Rad8
21. Qf5 Rxd1 22. Rxd1 Nf4 23. Kh1 Bg6 24. Qg4 Bh5 25. Qf5 Bxd1 26. h3 Qc4 27.
Qd7 Qf1+ 28. Kh2 Qxg2# 0-1

[Event "European Youth Chess Championship G10"]
[Site "Prague, Top Hotel Prague"]
[Date "2016.08.18"]
[Round "1.29"]
[White "Chachiachvili, Salome"]
[Black "Ratnesan, Radha"]
[Result "1-0"]
[WhiteElo "1391"]
[BlackElo "1074"]
[PlyCount "103"]
[EventDate "2016.08.18"]

1. e4 e5 2. Nf3 Nc6 3. Bc4 Bc5 4. c3 Nf6 5. d3 h6 6. Bb3 d6 7. Nbd2 Bg4 8. Nf1
Qd7 9. Ng3 O-O-O 10. h3 Be6 11. O-O g5 12. Bxe6 Qxe6 13. Nh2 Rdg8 14. Ng4 Ne7
15. Qf3 Nxg4 16. Qxg4 Qxg4 17. hxg4 c6 18. b4 Bb6 19. Be3 Kc7 20. a4 a5 21. Nh5
Rg6 22. Bxb6+ Kxb6 23. g3 d5 24. Rfb1 axb4 25. Rxb4+ Ka6 26. Rab1 Rb8 27. a5
Nc8 28. Re1 dxe4 29. dxe4 b5 30. axb6 Rxb6 31. Rd1 Rxb4 32. cxb4 Nd6 33. f3 Kb5
34. Rb1 Kc4 35. Kf2 Kd3 36. Rc1 Nc4 37. Ke1 Nd2 38. Rd1 Ke3 39. Rxd2 Kxf3 40.
Nf6 Kxg3 41. Rd6 Kf3 42. Kd2 Kf2 43. Rxc6 Kf3 44. b5 Rxf6 45. Rxf6+ Kxg4 46. b6
h5 47. b7 h4 48. b8=Q h3 49. Qxe5 h2 50. Qf5+ Kg3 51. Qf3+ Kh4 52. Rh6# 1-0

[Event "European Youth Chess Championship G10"]
[Site "Prague, Top Hotel Prague"]
[Date "2016.08.18"]
[Round "1.30"]
[White "Simalcikova, Sara"]
[Black "Ray, Hiya"]
[Result "0-1"]
[WhiteElo "1071"]
[BlackElo "1391"]
[PlyCount "103"]
[EventDate "2016.08.18"]

1. d4 Nf6 2. Nf3 e6 3. Bf4 b6 4. e3 Bb7 5. Nbd2 Be7 6. Bd3 O-O 7. O-O d6 8. c4
Nbd7 9. Be2 c5 10. h3 cxd4 11. exd4 d5 12. cxd5 Nxd5 13. Bg3 Rc8 14. Rc1 N7f6
15. Qa4 a5 16. Qb3 Bd6 17. Rxc8 Bxc8 18. Bxd6 Qxd6 19. Rc1 Nf4 20. Bb5 Bd7 21.
Kf1 Rc8 22. Rxc8+ Bxc8 23. Nc4 Qc7 24. Qe3 Bd7 25. Qb3 Bc6 26. Bxc6 Qxc6 27.
Qc2 b5 28. Ne3 Qxc2 29. Nxc2 Ne4 30. h4 h6 31. g3 Nd5 32. Ke2 f5 33. Ne5 Kf8
34. Nc6 a4 35. Ne3 Ke8 36. Nxd5 exd5 37. Ne5 Nd6 38. f3 Nc4 39. Nd3 Ke7 40. g4
fxg4 41. fxg4 Kf6 42. Kf3 Nd2+ 43. Kf4 g5+ 44. hxg5+ hxg5+ 45. Ke3 Nf1+ 46. Ke2
Ng3+ 47. Kd1 Nf1 48. Ke2 Ng3+ 49. Kd2 Ne4+ 50. Kc2 Nd6 51. Kc3 Ke7 52. Kb4 0-1

[Event "European Youth Chess Championship G10"]
[Site "Prague, Top Hotel Prague"]
[Date "2016.08.18"]
[Round "1.33"]
[White "Tsirekidze, Barbare"]
[Black "Kaliontzaki, Argyro Evanthia"]
[Result "1-0"]
[WhiteElo "1382"]
[BlackElo "1037"]
[PlyCount "93"]
[EventDate "2016.08.18"]

1. b4 e5 2. Bb2 f6 3. a3 d5 4. e3 Be6 5. h3 a6 6. Be2 Bd6 7. Nf3 Ne7 8. O-O O-O
9. d3 Nbc6 10. Nbd2 Nf5 11. Rc1 Re8 12. c4 Nfe7 13. c5 e4 14. cxd6 exf3 15.
dxe7 fxe2 16. exd8=Q exd1=Q 17. Qxe8+ Rxe8 18. Rfxd1 Bf5 19. Nf3 Re7 20. Nd4
Bd7 21. Nxc6 Bxc6 22. Re1 Kf7 23. Rc5 Kg6 24. Rec1 f5 25. Rxc6+ bxc6 26. Rxc6+
Kg5 27. Rxa6 f4 28. exf4+ Kxf4 29. Kf1 Kf5 30. Rc6 g6 31. a4 Re6 32. Rxc7 Rb6
33. b5 h5 34. Rc6 Rxc6 35. bxc6 Ke6 36. c7 Kd7 37. Be5 Kc8 38. a5 Kb7 39. c8=Q+
Kxc8 40. a6 h4 41. d4 g5 42. f3 Kd7 43. a7 Ke6 44. a8=Q Kf5 45. Qc6 g4 46.
hxg4+ Kg5 47. Qf6# 1-0

[Event "European Youth Chess Championship G10"]
[Site "Prague, Top Hotel Prague"]
[Date "2016.08.18"]
[Round "1.34"]
[White "Suarez, Gomez Paula"]
[Black "Rejniak, Zuzanna"]
[Result "0-1"]
[WhiteElo "1011"]
[BlackElo "1381"]
[PlyCount "134"]
[EventDate "2016.08.18"]

1. e4 c5 2. Nf3 e6 3. d4 cxd4 4. Nxd4 Nc6 5. Be3 a6 6. a3 Nf6 7. Nc3 d6 8. Be2
Be7 9. O-O O-O 10. Bg5 Bd7 11. Qd2 h6 12. Be3 b5 13. Nxc6 Bxc6 14. Bf3 Rc8 15.
Rad1 Qc7 16. Rc1 Qb7 17. Qd3 Rfd8 18. Rfe1 a5 19. Bd2 b4 20. axb4 axb4 21. Na2
d5 22. e5 Nd7 23. Rb1 Ra8 24. Ra1 Rdb8 25. b3 Qc7 26. Qd4 Qb6 27. Qxb6 Rxb6 28.
Be3 Rba6 29. Bf4 Rxa2 30. Rac1 Bc5 31. Bg4 Bd4 32. Bd2 Nxe5 33. Bh5 Rb8 34. Bf4
f6 35. Re2 Rd8 36. Bd2 Bb5 37. Ree1 Bc5 38. h3 Rc8 39. Be2 Bd7 40. Bf1 Bd6 41.
Bf4 Raxc2 42. Rxc2 Rxc2 43. Rb1 Bc5 44. Be3 Bxe3 45. fxe3 Rc3 46. Kf2 Nd3+ 47.
Kf3 Nc5 48. Re1 Kh7 49. Rd1 Rxb3 50. Rc1 Rc3 51. Rb1 b3 52. Be2 d4 53. Bd1 d3
54. Rb2 Ba4 55. Rb1 d2 56. Ke2 Rc2 57. Bxc2+ bxc2 58. Ra1 c1=Q 59. Rxc1 dxc1=Q
60. Kf3 Qf1+ 61. Kg3 Ne4+ 62. Kh2 h5 63. h4 Bd1 64. Kh3 Bg4+ 65. Kh2 Qf2 66.
Kh1 Bf3 67. gxf3 Ng3# 0-1

[Event "European Youth Chess Championship G10"]
[Site "Prague, Top Hotel Prague"]
[Date "2016.08.19"]
[Round "2.1"]
[White "Rejniak, Zuzanna"]
[Black "Zvereva, Margarita"]
[Result "0-1"]
[WhiteElo "1381"]
[BlackElo "1930"]
[PlyCount "88"]
[EventDate "2016.08.18"]

1. e4 c5 2. Nf3 e6 3. d4 cxd4 4. Nxd4 Nf6 5. Nc3 Bb4 6. Bd3 a6 7. Bd2 Qc7 8.
O-O Bd6 9. Kh1 b5 10. f4 Bc5 11. Nb3 Bb7 12. Nxc5 Qxc5 13. a3 d6 14. Qe2 Nbd7
15. Rf3 h5 16. Be3 Qc7 17. Kg1 Nc5 18. Bxc5 Qxc5+ 19. Qe3 Qc7 20. Qe2 Ng4 21.
h3 Qb6+ 22. Kh1 Rc8 23. Re1 Rc7 24. Qf1 Kd8 25. Qg1 Qxg1+ 26. Kxg1 Nf6 27. Rg3
g6 28. f5 h4 29. Rge3 gxf5 30. exf5 e5 31. Ne4 Nxe4 32. Bxe4 Bxe4 33. Rxe4 Rxc2
34. Rd1 Kc7 35. b4 Rg8 36. Rg4 Rxg4 37. hxg4 Rc4 38. g5 Rg4 39. Rc1+ Kd7 40. f6
Rxg5 41. Rc3 Rf5 42. Rf3 Rxf3 43. gxf3 d5 44. Kh2 d4 0-1

[Event "European Youth Chess Championship G10"]
[Site "Prague, Top Hotel Prague"]
[Date "2016.08.19"]
[Round "2.2"]
[White "Gaal, Zsoka"]
[Black "Ivanova, Dilyana"]
[Result "1/2-1/2"]
[WhiteElo "1792"]
[BlackElo "1382"]
[PlyCount "76"]
[EventDate "2016.08.18"]

1. d4 Nf6 2. Nf3 e6 3. g3 b6 4. Bg2 Bb7 5. O-O Be7 6. c4 O-O 7. Nc3 Ne4 8. Bd2
f5 9. Rc1 Bf6 10. Qc2 d6 11. b4 a6 12. e3 Nd7 13. Ne2 c5 14. a3 Rc8 15. Qd3 Qc7
16. Nf4 Rfe8 17. d5 exd5 18. Nxd5 Qb8 19. Bh3 Nxd2 20. Qxd2 g6 21. Bg2 Bg7 22.
Rfd1 Rcd8 23. Rb1 Bc6 24. bxc5 dxc5 25. Qc2 b5 26. Ne1 Qb7 27. Nd3 Kh8 28. N3f4
Nf6 29. Nxf6 Bxf6 30. cxb5 Bxg2 31. Nxg2 Rxd1+ 32. Rxd1 Qxb5 33. Nf4 Rc8 34.
Nd5 Bg7 35. Ne7 Rb8 36. Rd5 Qb7 37. Qxc5 Qb1+ 38. Kg2 Qe4+ 1/2-1/2

[Event "European Youth Chess Championship G10"]
[Site "Prague, Top Hotel Prague"]
[Date "2016.08.19"]
[Round "2.3"]
[White "Zulfugarli, Mahluga"]
[Black "Nadzamova, Viktoria"]
[Result "0-1"]
[WhiteElo "1373"]
[BlackElo "1694"]
[PlyCount "130"]
[EventDate "2016.08.18"]

1. e4 g6 2. d4 Bg7 3. Nc3 d6 4. Be3 a6 5. Qd2 b5 6. O-O-O Nd7 7. Kb1 Bb7 8. f3
Qc8 9. Nce2 c5 10. Nc1 c4 11. g4 Nb6 12. h4 Na4 13. c3 h5 14. g5 e6 15. Nh3 Ne7
16. Nf4 O-O 17. Qc2 Qc7 18. Bh3 Qa5 19. Rd2 Rab8 20. Ka1 e5 21. Nfe2 b4 22.
cxb4 Qxb4 23. Nc3 Bc6 24. d5 Be8 25. a3 Qa5 26. Bf1 Rxb2 27. Qxb2 Nxb2 28. Kxb2
Bb5 29. N1a2 Rb8 30. Nb4 Qc7 31. Ka2 a5 32. Nc2 Ba6 33. Be2 Rb3 34. Nd1 Qb7 35.
Na1 Rb1 36. Rf1 Qb8 37. Nc3 Rb3 38. Rb1 Rxb1 39. Nxb1 Qc7 40. Rc2 f5 41. Nd2
fxe4 42. fxe4 Nc8 43. Nxc4 Bxc4+ 44. Rxc4 Qd7 45. Rc6 Ne7 46. Ra6 Qh3 47. Nc2
Qxh4 48. Rxd6 Qxe4 49. Kb3 a4+ 50. Kc3 Qg2 51. Rd8+ Kh7 52. Bc4 e4+ 53. Bd4
Bxd4+ 54. Nxd4 Qxg5 55. Ne6 Qf6+ 56. Kb4 h4 57. Rf8 Qb2+ 58. Kxa4 Nf5 59. Ng5+
Kh6 60. Nh3 e3 61. Ng1 Qg2 62. Ne2 h3 63. Rf6 h2 64. Nf4 Qc2+ 65. Kb4 Qb2+ 0-1

[Event "European Youth Chess Championship G10"]
[Site "Prague, Top Hotel Prague"]
[Date "2016.08.19"]
[Round "2.4"]
[White "Cherepanova, Evita"]
[Black "Tsirekidze, Barbare"]
[Result "0-1"]
[WhiteElo "1675"]
[BlackElo "1382"]
[PlyCount "128"]
[EventDate "2016.08.18"]

1. c4 e6 2. Nf3 b6 3. g3 Bb7 4. Bg2 d6 5. O-O g6 6. Nc3 Bg7 7. d3 Ne7 8. Bd2
Nd7 9. a3 O-O 10. b4 c5 11. Rc1 Rc8 12. Nb5 Nf6 13. Qb3 a6 14. Nc3 Nf5 15. bxc5
dxc5 16. Na4 Nd7 17. Rb1 Bxf3 18. exf3 Nd4 19. Qd1 Rb8 20. f4 Re8 21. Nc3 Nf6
22. Ne2 Qd6 23. Nxd4 Qxd4 24. Re1 Qxd3 25. Bf1 Qd4 26. Rb3 Qd7 27. Rd3 Qc7 28.
Qe2 Rbd8 29. Bc3 Rxd3 30. Qxd3 Rd8 31. Qf3 Nh5 32. h3 Bxc3 33. Qxc3 Qd6 34. Qe3
Qd2 35. Qe5 Qd6 36. Qe3 Qd4 37. Qe2 Nxg3 38. Qc2 Nxf1 39. Kxf1 Qd3+ 40. Qxd3
Rxd3 41. Rb1 Rxa3 42. Rxb6 Ra4 43. Ke2 Rxc4 44. Rxa6 Rxf4 45. Rc6 Rc4 46. Kd3
Rd4+ 47. Kc3 Rd5 48. Kc4 Kg7 49. Rxc5 Rxc5+ 50. Kxc5 Kf6 51. Kd6 h5 52. Kd7 g5
53. Kd6 h4 54. Kd7 g4 55. hxg4 h3 56. f4 h2 57. g5+ Kg6 58. Ke7 h1=Q 59. f5+
exf5 60. Kd6 f4 61. Ke7 f3 62. Kf8 f2 63. Kg8 Qd5 64. Kf8 Qd8# 0-1

[Event "European Youth Chess Championship G10"]
[Site "Prague, Top Hotel Prague"]
[Date "2016.08.19"]
[Round "2.5"]
[White "Donchenko, Ekaterina"]
[Black "Bashylina, Luisa"]
[Result "1-0"]
[WhiteElo "1362"]
[BlackElo "1664"]
[PlyCount "61"]
[EventDate "2016.08.18"]

1. e4 c5 2. Nf3 e6 3. c3 d5 4. e5 a6 5. d4 Nc6 6. Be2 Nge7 7. Na3 Nf5 8. Nc2 c4
9. O-O Be7 10. Ne3 Nxe3 11. Bxe3 O-O 12. Qc2 b5 13. Nd2 b4 14. f4 bxc3 15. bxc3
Bd7 16. Bg4 Rb8 17. f5 exf5 18. Bxf5 Bxf5 19. Rxf5 Qb6 20. Rb1 Qa5 21. Rbf1 Ba3
22. Nb1 Rb2 23. Qd1 Rxa2 24. Qg4 Ne7 25. Rh5 Ng6 26. Rh3 Qb6 27. Qh5 h6 28.
Bxh6 gxh6 29. Qxh6 Rxg2+ 30. Kxg2 Nf4+ 31. Qxf4 1-0

[Event "European Youth Chess Championship G10"]
[Site "Prague, Top Hotel Prague"]
[Date "2016.08.19"]
[Round "2.6"]
[White "Olszewska, Wiktoria"]
[Black "Starosta, Martyna"]
[Result "0-1"]
[WhiteElo "1361"]
[BlackElo "1624"]
[PlyCount "70"]
[EventDate "2016.08.18"]

1. e4 e6 2. d4 d5 3. Nd2 c5 4. c3 Nc6 5. Ngf3 Nf6 6. exd5 exd5 7. Be2 Be7 8.
dxc5 Bxc5 9. Nb3 Bb6 10. O-O h6 11. Re1 O-O 12. Nbd4 Re8 13. Bf4 Ne4 14. Bb5
Bd7 15. Qd3 a6 16. Bxc6 bxc6 17. Nd2 c5 18. Nc2 c4 19. Qf3 Bxf2+ 20. Kh1 Bxe1
21. Rxe1 Bg4 22. Qf1 Nxd2 23. Bxd2 Qb6 24. Bc1 Qg6 25. Nb4 Be6 26. Rd1 Qh5 27.
Be3 a5 28. Nc6 Bd7 29. Bxh6 Bxc6 30. Bd2 Re6 31. Rc1 d4 32. cxd4 Re2 33. Qd1
Bxg2+ 34. Kg1 Qf3 35. Be1 Qf1# 0-1